Statistics for Presidential Firsts

Click here to take the quiz!

General Stats

  • This quiz has been taken 21 times
  • The average score is 16 of 45

Answer Stats

HintTime In OfficeAnswer% Correct
First VP to take office because of a president’s death1841–1845John Tyler
77%
First to shake hands with guests instead of making them bow1801–1809Thomas Jefferson
77%
First president to be unanimously elected1789–1797George Washington
69%
First president under 5 feet 5 inches (165cm)1809–1817James Madison
69%
First to pardon a turkey1861–1865Abraham Lincoln
62%
First to marry a family member (third cousin)1797–1801John Adams
62%
First senator to be elected president1817–1825James Monroe
54%
First abolitionist president1825–1829John Quincy Adams
54%
First to be born a citizen of the U.S.1837–1841Martin Van Buren
54%
First (and only) president to serve on the Supreme Court1909–1913William Howard Taft
54%
First to claim Native American ancestry1923–1929Calvin Coolidge
46%
First to be denied renomination by his party1853–1857Franklin Pierce
46%
First (and only) to be elected to non-consecutive terms1893–1897Grover Cleveland
46%
First and only president to be a bachelor1857–1861James Buchanan
46%
First to allow women to argue before the Supreme Court1877–1881Rutherford B. Hayes
46%
First president to kill someone in a duel1829–1837Andrew Jackson
38%
First to appear on television1933–1945Franklin Delano Roosevelt
38%
First vice president to have served as acting president1989–1993George H. W. Bush
38%
First to become vice president and president without being elected1974–1977Gerald Ford
38%
First to ride in a submarine and an airplane1901–1909Theodore Roosevelt
38%
First to see the Pacific Ocean1869–1877Ulysses S. Grant
38%
First to have his photograph taken while in office1829–1937William Henry Harrison
38%
First to have held no prior elected office1849–1850Zachary Taylor
38%
First to sign a law via robot2009–2017Barack Obama
31%
First to appoint openly gay people to government positions1993–2001Bill Clinton
31%
First to have both the lowest and highest approval ratings2001–2009George W. Bush
31%
First president to have a letter as a middle name1945–1953Harry S. Truman
31%
First to give all of his federal paychecks to charity1929–1933Herbert Hoover
31%
First to be born in a hospital1977–1981James Carter, Jr.
31%
First president to hold a press conference on television.1961–1963John F. Kennedy
31%
First to be sworn in by a woman1963–1969Lyndon B. Johnson
31%
First to establish a White House library1850–1853Millard Fillmore
31%
First (and only) president to resign1969–1974Richard Nixon
31%
First to be impeached1865–1869Andrew Johnson
23%
First president of all fifty states1953–1961Dwight Eisenhower
23%
First to use air conditioning1881James Abram Garfield
23%
First to be elected before age 501845–1849James Polk
23%
First to break the “Curse of Tippecanoe”1981–1989Ronald Reagan
23%
First president to visit Europe while in office1913–1921Woodrow Wilson
23%
First to campaign by telephone1897–1901William McKinley
15%
First to be accused of being born outside the U.S.1881–1885Chester Alan Arthur
8%
First president to have women vote for him1921–1923Warren G. Harding
8%
First to have a billion-dollar budget1889–1893Benjamin Harrison
0%
First president to serve for a dayMarch 4, 1849David Atchison
0%
First to decorate White House tree with electric Christmas lights1885–1889Grover Cleveland
0%

Score Distribution

Percentile by Number Answered

Percent of People with Each Score

Your Score History

You have not taken this quiz